Statistics for Houston Rockets Quiz

Click here to take the quiz!

General Stats

  • This quiz has been taken 34 times
  • The average score is 19 of 30

Answer Stats

Answer % Correct
Western
97%
4
91%
3
91%
Utah Crimson
91%
7
88%
White
88%
Hakeem Olajuwon
88%
Black
88%
Houston, Texas
88%
34
84%
Mike D'Antoni
81%
Yao Ming
78%
11
75%
22
75%
23
75%
24
72%
Clyde Drexler
72%
Toyota Center
69%
Southwest
69%
1967
66%
45
63%
San Diego
44%
Moses Malone
41%
Calvin Murphy
41%
Rudy Tomjanovich
31%
Daryl Morey
31%
ROKiT Phones
19%
Tilman Fertitta
16%
Silver
13%
Rio Grande Valley Vipers
3%

Score Distribution

Percentile by Number Answered

Percent of People with Each Score

Your Score History

You have not taken this quiz